<Eine> Erweiterung das hedonistischen Verfahrens zur Ermittlung der Wirtschaftlichkeit des Einsatzes von Informationstechnik.
Rozdiely v klasických metódach spracovania výpočtov hospodárnosti a investícií a s využitím modernej informačnej techniky. Použitie hedonistického modelu, ktorý umožňuje hodnotiť rast produktivity a posuvy v štruktúrach činnosti. Príklad prípadovej štúdie z oblasti úverových inštitúcií. Nasadenie he...
Saved in:
| Main Author: | |
|---|---|
| Format: | Book Chapter |
| Language: | German |
| Subjects: | |
| Tags: |
No Tags, Be the first to tag this record!
|
MARC
| LEADER | 00000naa a2200000 4500 | ||
|---|---|---|---|
| 001 | r010714 | ||
| 005 | 20221130113345.6 | ||
| 041 | 0 | |a ger | |
| 044 | |a DE | ||
| 245 | 1 | 0 | |a <Eine> Erweiterung das hedonistischen Verfahrens zur Ermittlung der Wirtschaftlichkeit des Einsatzes von Informationstechnik. |c E. Stickel |
| 520 | |a Rozdiely v klasických metódach spracovania výpočtov hospodárnosti a investícií a s využitím modernej informačnej techniky. Použitie hedonistického modelu, ktorý umožňuje hodnotiť rast produktivity a posuvy v štruktúrach činnosti. Príklad prípadovej štúdie z oblasti úverových inštitúcií. Nasadenie hedonistickej metódy v praxi. Možnosti rozšírenia hedonistického modelu. | ||
| 610 | 2 | 0 | |a technológie informačné |
| 610 | 2 | 0 | |a využitie počítačov |
| 610 | 2 | 0 | |a komputerizácia |
| 610 | 2 | 0 | |a hospodárnosť |
| 610 | 2 | 0 | |a investície |
| 610 | 2 | 0 | |a efektívnosť investícií |
| 610 | 2 | 0 | |a systémy informačné manažérske |
| 610 | 2 | 0 | |a banky |
| 610 | 2 | 0 | |a sporiteľne |
| 610 | 2 | 0 | |a optimalizácia |
| 610 | 2 | 0 | |a analýza nákladov a výnosov |
| 100 | 1 | |a Stickel, E. | |